Marketing malého podniku v potravinárskom priemysle bakalárska práca

Enregistré dans:
Détails bibliographiques
Auteur principal: Kasznár, Tomáš
Collectivité auteur: Podnikovohospodárska fakulta EU so sídlom v Košiciach. Katedra obchodného podnikania
Autres auteurs: Pružinský, Michal, 1952-
Format: Livre
Langue:slovaque
Publié: Košice 2016
Tags: Ajouter un tag
Pas de tags, Soyez le premier à ajouter un tag!

MARC

LEADER 00000nbm a2200000 4500
001 0217712
005 20161219092130.5
041 0 |a slo 
044 |a SK 
245 1 0 |a Marketing malého podniku v potravinárskom priemysle  |b bakalárska práca  |c Tomáš Kasznár ; školiteľ: Michal Pružinský 
264 1 |a Košice  |c 2016 
300 |a 51 s. 
100 1 |a Kasznár, Tomáš 
700 1 |a Pružinský, Michal, 1952- 
710 2 |a Podnikovohospodárska fakulta EU so sídlom v Košiciach. Katedra obchodného podnikania